Seia' buru takän alluna = De noche bajamos a buscar un burro , Olga Trujillo Benítez y Nanci Morse (Registro nro. 44379)
[ vista simple ]
| 000 -LÍDER | |
|---|---|
| Campo fijo de descripción fija | 005670000a22001570004500 |
| 001 - NÚMERO DE CONTROL | |
| Campo de control | 17884 |
| 100 1# - ASIENTO PRINCIPAL--NOMBRE PERSONAL | |
| Nombre personal | Torres Arrollo, Rosa |
| 245 10 - TÍTULO | |
| Título del Material | Seia' buru takän alluna = De noche bajamos a buscar un burro , Olga Trujillo Benítez y Nanci Morse |
| 260 ## - PUBLICACIÓN, DISTRIBUCIÓN, ETC. (PIE DE IMPRENTA) | |
| Lugar de publicación, distribución, etc. | Colombia : Towsend |
| 300 ## - DESCRIPCIÓN FÍSICA | |
| Extensión | 7 p. |
| 500 ## - NOTA GENERAL | |
| Nota General | Es propiedad del Ministerio de Gobierno |
| 505 00 - NOTA DE CONTENIDO | |
| Nota de contenido con formato preestablecido | Guía de alfabeto -- Seia' buru takän allunna = de noche bajamos a buscar un burro |
| 650 14 - ASIENTO SECUNDARIO DE MATERIA - TERMINO TEMÁTICO | |
| Término temático o nombre geográfico como elemento de entrada | LENGUAS INDIGENAS \ LENGUAS INDIGENAS - COLOMBIA \ ALFABETO INDIGENA |
| 942 ## - TIPO DE MATERIAL (KOHA) | |
| Tipo de Item KOHA | Libros General |
| Estado de Material | Estado de Perdido | Estado de Dañado | No para Préstamo | Colección | Tomo | Biblioteca de Origen | Biblioteca Permanente | Fecha de Adquisición | Total de Préstamos | Signatura Topográfica | Código de Barras | Última vez visto | Ejemplar/Existencia | Fecha de Remplazo | Tipo de Material |
|---|---|---|---|---|---|---|---|---|---|---|---|---|---|---|---|
| Colección Folletos | Biblioteca FUSBC | Biblioteca FUSBC | 20/02/2013 | AV 0437 | 17875 | 12/12/2019 | 1 | 26/01/2016 | Documentos Archivo Vertical |
